| 000 | 00529nam a22001577a 4500 | ||
|---|---|---|---|
| 005 | 20210308124749.0 | ||
| 008 | 210308b mx ||||| |||| 00| 0 spa d | ||
| 050 | 0 | 4 |
_aTJ840 _bC66 1953 |
| 110 | 2 | _aComisión Federal de Eléctricidad. (México) | |
| 245 | 1 | 0 |
_aNormas "NEMA" para turbinas hidráulicas y rteguladores _c/ Comisión Federal de Electricidad. (México) |
| 250 | _a1a ed. | ||
| 260 |
_aMéxico : _bCFE, _c1953 |
||
| 300 |
_a68 p. : _bil. , _c28 cm. |
||
| 650 | 7 |
_2LEMB _aTurbinas hidráulicas |
|
| 942 |
_2lcc _cLIB |
||
| 999 |
_c155271 _d155269 |
||